|
|
|
|
| LEADER |
01330cam a2200277 i 4500 |
| 001 |
19733115 |
| 003 |
GR-PaULI |
| 005 |
20240311100848.0 |
| 008 |
170606s2020 gr 000 f gre c |
| 020 |
|
|
|a 9789605921057
|
| 040 |
|
|
|a GR-PaULI
|b gre
|c GR-PaULI
|e AACR2
|
| 041 |
1 |
|
|a gre
|h spa
|
| 082 |
0 |
4 |
|a 863.7
|2 23
|
| 100 |
1 |
|
|a Baquedano Jer, Sandra,
|d 1980-
|e συγγραφέας.
|9 202520
|
| 245 |
1 |
2 |
|a Ο αόρατος ακροατής :
|b μυθιστόρημα /
|c Σάντρα Μπακεδάνο Χερ ; μετάφραση Έλενα Σταγκουράκη.
|
| 260 |
|
|
|a Αθήνα :
|b Μανδραγόρας,
|c 2020.
|
| 300 |
|
|
|a 141 σ. ;
|c 24 εκ.
|
| 490 |
1 |
|
|a Μετάφραση σύγχρονης λογοτεχνίας / Μανδραγόρας
|
| 500 |
|
|
|a Τίτλος πρωτοτύπου: Auditor ausente.
|
| 700 |
1 |
|
|9 202524
|a Σταγκουράκη, Έλενα
|e συγγραφέας.
|
| 765 |
|
|
|i Μετάφραση του:
|t Auditor ausente.
|
| 830 |
|
0 |
|9 202521
|a Μετάφραση σύγχρονης λογοτεχνίας (Μανδραγόρας)
|
| 942 |
|
|
|2 ddc
|c BK
|
| 952 |
|
|
|0 0
|1 0
|2 ddc
|4 0
|6 863_700000000000000_BAQ
|7 0
|9 378227
|a LISP
|b LISP
|c DON
|d 2024-03-11
|e ΠΑΤ
|i 364112
|l 0
|o 863.7 BAQ
|p 025000308523
|r 2024-03-11 00:00:00
|t 1
|w 2024-03-11
|y BKN
|
| 998 |
|
|
|c ΜΠΟΥΡΑΣ
|d 2024-03
|
| 999 |
|
|
|c 219914
|d 219914
|